|
|
|
|
| LEADER |
00000naa a2200000 i 4500 |
| 001 |
publ856 |
| 005 |
20180205122731.0 |
| 008 |
180205s2016 hu o 000 zxx d |
| 020 |
|
|
|a 978-963-7159-23-7
|
| 040 |
|
|
|a BGE Publikációtár Repozitórium
|b hun
|
| 100 |
1 |
|
|a Marosán György
|
| 245 |
1 |
0 |
|a Egy kiegyensúlyozott társadalmi mutatószámrendszer (Social Balanced Scorecard – SBSC) körvonalai
|c Marosán György
|h [elektronikus dokumentum]
|
| 260 |
|
|
|a Budapesti Gazdasági Egyetem
|c 2016
|
| 300 |
|
|
|a 454-469
|
| 490 |
0 |
|
|a Alkalmazott Tudományok III. Fóruma: Konferenciakötet.
|
| 650 |
|
4 |
|a szociológiai tudományok
|
| 695 |
|
|
|a Social Balanced Scorecard
|
| 695 |
|
|
|a Társadalmi rétegződés
|
| 856 |
4 |
0 |
|u https://publikaciotar.uni-bge.hu/id/eprint/856/1/Maros%C3%A1n%20Gy%C3%B6rgy.pdf
|z Dokumentum-elérés
|